|
|
|
|
| LEADER |
01514nam a2200325 a 4500 |
| 001 |
12572937 |
| 008 |
090528s2000 bg a b i000 0 eng d |
| 010 |
|
|
|a \\\00440980
|
| 020 |
|
|
|a 9847460043
|
| 040 |
|
|
|a DLC
|c DLC
|d DLC
|
| 082 |
0 |
0 |
|a 599.168/095492
|2 21
|
| 245 |
0 |
0 |
|a Red list of threatened animals of Bangladesh /
|c categorisation, S.M. Munjurul Hannan Khan ... [et al.] ; research, M. Monirul H. Khan, Rashiduzzaman Ahmed ; editors, Md. Anwarul Islam, Mahmud-ul Ameen, Ainun Nishat.
|
| 246 |
3 |
0 |
|a Threatened animals of Bangladesh
|
| 260 |
|
|
|a Dhaka :
|b IUCN Bangladesh,
|c 2000.
|
| 300 |
|
|
|a xi, 54 p. :
|b map ;
|c 26 cm.
|
| 500 |
|
|
|a "IUCN--The World Conservation Union."
|
| 504 |
|
|
|a Includes bibliographical references (p. 49-54).
|
| 541 |
1 |
|
|e 00007698
|
| 650 |
|
0 |
|a Endangered species
|z Bangladesh.
|
| 700 |
1 |
|
|a Khan, S. M. Munjurul Hannan.
|
| 700 |
1 |
|
|a Khan, M. Monirul H.
|
| 700 |
1 |
|
|a Ahmed, Rashiduzzaman.
|
| 700 |
1 |
|
|a Islam, Md. Anwarul.
|
| 700 |
1 |
|
|a Ameen, Mahmud-ul.
|
| 700 |
1 |
|
|a Nishat, Ainun.
|
| 710 |
2 |
|
|a International Union for Conservation of Nature and Natural Resources.
|
| 710 |
2 |
|
|a International Union for Conservation of Nature and Natural Resources.
|b Bangladesh Country Office.
|
| 852 |
4 |
|
|a Ayesha Abed Library
|j General shelf
|
| 999 |
|
|
|c 1143
|d 1143
|
| 952 |
|
|
|0 0
|1 0
|2 ddc
|4 0
|6 599_168095492000000_RED_2000
|7 0
|9 1032
|a BRACUL
|b BRACUL
|c GEN
|d 2009-06-24
|g 0.00
|l 4
|m 10
|o 599.168095492 RED
|p 3010007698
|r 2019-02-13
|s 2019-02-06
|t 1
|w 2009-06-24
|y BK
|x No price found in the accession register.
|